00925nam a2200241 a 4500001001000000005001700010008004100027041000800068044000700076050002400083100003400107245014900141260005000290300003200340500003000372500000900402600005600411651006500467902000800532942001100540999001500551952011700566BRCA_353520190320204326.0290709s1882----be-b---###---#000-0#fre-# afre abe 4aF1233.M3b.S37 18821 aSchrynmakers, Arsene de9917410aLe MexiquebHistorie de 1´etablissement et de la chute del 1´empire de Maximilien, d´aprés des documents officielscpar A. de Schrynmakers. aBruxellesbPolytechnique Decq et Duhentc1882 a400 p.bil., 1 mapac23 cm. aIncluye tabla de materias aB20214aMaximilianocEmperador de Méxicod1832-186794582 4aMéxicoxHistoriayIntervención francesa, 1861-186799175 aGFM 2lcccB c3270d3270 00104070aBRCAbBRCAd2009-07-29iB202l0oF1233.M3 .S37 1882 (B202)p3532r2019-03-22 00:00:00w2019-03-22yB